000 00769nam a2200265Ia 4500
003 OSt
005 20221006143638.0
006 a|||||r|||| 00| 0
007 ta
008 221006b |||||||| |||| 00| 0 eng d
020 _c
_12.50 (each)
024 _a9,528
037 _cTextual
040 _aEASL
_cEASL
_beng
041 _2eng
_aeng
082 _aX:8(Y:2).41.N15, L1;
100 _aLINDBECK John M H Ed.
245 0 _aChina
_b Management of a revolutionary society
260 _aSeattle
_bUniversity of Washington Press
_c1971
300 _a391p.
_ccm.
490 _v CEL
_aStudies in Chinese Government and politics
650 _aCEL
942 _hX:8(Y:2).41.N15, L1;
_cTEXL
_2CC
999 _c1077614
_d1077614